000 00969nam0a22002651 4500
001 rc\3948176
005 20250611033517.0
021 _aRU
_b[55-47932]
035 _a(NLR Aleph) 008042765
090 _a8891889
_c8891889
100 _a20130415d1955 |||y0rusy50 ca
101 0 _arus
102 _aRU
105 _ay z |||||
200 1 _a415 центнеров картофеля с гектара
210 _aТюмень
_cКн. изд-во
_d1955
215 _a12 с.
_d20
300 _aПеред загл. авт.: Д. Смирнов, бригадир полеводческой бригады колхоза им. Фрунзе, Викулов. района
606 _aКартофель
_xВозделывание
_yТюменская область
_2psbo
700 1 _aСмирнов
_bД.Т.
_gДмитрий Тимофеевич
801 0 _aRU
_bNLR
_gpsbo
801 1 _aRU
_bELAR
_2rusmarc
852 _aNLR
_jС50 Г-4/5080
942 _cBOOK
980 _aNB